The scarecrow creeps : (Record no. 17696)

MARC details
000 -LEADER
fixed length control field 00595cam a22002051a 4500
001 - CONTROL NUMBER
control field ca 34002105
003 - CONTROL NUMBER IDENTIFIER
control field DLC
005 - DATE AND TIME OF LATEST TRANSACTION
control field 20260227111136.0
008 - FIXED-LENGTH DATA ELEMENTS--GENERAL INFORMATION
fixed length control field 890512s1934 ilua 000 0 eng
010 ## - LIBRARY OF CONGRESS CONTROL NUMBER
LC control number ca 34002105
035 ## - SYSTEM CONTROL NUMBER
System control number (OCoLC)19699850
040 ## - CATALOGING SOURCE
Original cataloging agency DLC
Transcribing agency InIB
Modifying agency DLC
042 ## - AUTHENTICATION CODE
Authentication code premarc
050 00 - LIBRARY OF CONGRESS CALL NUMBER
Classification number PS3539.O14
Item number S4 1934
100 1# - MAIN ENTRY--PERSONAL NAME
Personal name Tobias, Jay,
Dates associated with a name 1896-
245 14 - TITLE STATEMENT
Title The scarecrow creeps :
Remainder of title a mystery comedy in three acts /
Statement of responsibility, etc. by Jay Tobias.
260 ## - PUBLICATION, DISTRIBUTION, ETC.
Place of publication, distribution, etc. Chicago :
Name of publisher, distributor, etc. T.S. Denison & Co.,
Date of publication, distribution, etc. c1934.
300 ## - PHYSICAL DESCRIPTION
Extent 136 p. :
Other physical details ill. ;
Dimensions 18 cm.
490 0# - SERIES STATEMENT
Series statement Denison's red letter series

No items available.

Powered by Koha